000 00343nam a2200121Ia 4500
008 220204s9999 xx 000 0 und d
020 _a8176383056
082 _a349.6
_bLOH
100 _aLohithakshan, A K
245 0 _aParisthithi niyamangal (Malayalam) Environmental laws
260 _aTrivandrum
_bKerala Bhasha Institute
_c2002
942 _cBK
999 _c42445
_d42445